Harry Potter: les Yo-Yo Hurleurs - Statistiques

Statistiques générales
  • Ce quiz a été pris 12 fois
  • Le résultat moyen est 4 sur 6
Statistiques - réponses
Information Réponses % Correct
Fabricants Fred et George Weasley
100%
Dernière apparition (film) Harry Potter et le Prince de Sang-Mêlé
90%
Vendeur Weasley, farces pour sorciers facétieux
90%
Première mention Harry Potter et la Coupe de Feu
70%
Utilisation Farces et attrapes
40%
Prix 5 gallions
20%
Aucun quiz correspondant
Distribution des résultats
% des personnes avec chaque résultat
Percentile par nombre de réponses
Votre historique - résultats
Vous n’avez pas pris ce quiz